000
00254nam a22000977a 4500
999
_c
11640
_d
11640
008
190923b ||||| |||| 00| 0 eng d
020
_a
978938878823
100
_a
Goyal
_9
7343
245
_a
Score Well Mathematics-X
260
_a
New Delhi
_b
Goyal Brothers
_c
2019